Toolbox 360°: guia de dinâmicas e técnicas (Record no. 192459)

MARC details
000 -LÍDER
campo de controle de tamanho fixo 00374 a2200157 4500
001 - NÚMERO DE CONTROLE
campo de controle 192459
020 ## - ISBN - INTERNATIONAL STANDARD BOOK NUMBER
ISBN - International Standard Book Number
040 ## - FONTE DA CATALOGAÇÃO
Instituição que transcreveu o registro Magnum
100 ## - ENTRADA PRINCIPAL--NOME PESSOAL
Nome pessoal Audy, Jorge Kotick
240 10 - TÍTULO UNIFORME
Título uniforme Toolbox 360°: guia de dinâmicas e técnicas
Idioma da obra por
245 10 - TÍTULO
Título Toolbox 360°: guia de dinâmicas e técnicas
300 ## - DESCRIÇÃO FÍSICA
Extensão 175
362 0# - DATAS DE PUBLICAÇÃO E/OU DESIGNAÇÃO SEQUENCIAL
Datas de publicação e/ou designação sequencial 2015
697 ## - ENTRADA DE ASSUNTO LOCAL--ENTIDADE COLETIVA (RLIN)
Nome corporativo ou nome da jurisdição LITERATURA GERAL
942 ## - ELEMENTOS DE ENTRADA ADICIONADOS (KOHA)
Tipo de material Koha Livros
Holdings
Situação do descarte Situação das perdas Situação física Não pode ser emprestado Biblioteca de origem Biblioteca atual Data de aquisição Total de empréstimos Número de chamada completo Código de barras Data de último acesso Data do preço efetivo Tipo de material Koha
        Magnum Magnum 08/06/2024   658.1 MAG00070616 08/06/2024 08/06/2024 Livros